| 000 | 00796nam a2200289Ia 4500 | ||
|---|---|---|---|
| 001 | Para_9823 | ||
| 003 | CHAP | ||
| 008 | 220125s2011 xx 000 0 und d | ||
| 010 | _a208477 | ||
| 020 | _a978 - 607 - 400 - 577 - 6 | ||
| 040 | _cCHAP | ||
| 082 | _aPA 863.7 G37 | ||
| 100 |
_aGarcía, Yohana _9174271 |
||
| 245 |
_aFrancesco : _b una vida entre el cielo y la tierra / _c Johana García |
||
| 260 |
_aMéxico, D.F. : _b Océano |
||
| 300 | _a221 p | ||
| 500 | _aIncluye índice | ||
| 650 |
_aCielo (Religión) _x Novela _9174913 |
||
| 650 |
_aVida espiritual _x Novela _9174914 |
||
| 901 | _aPA 863.7 G37 | ||
| 902 | _aM | ||
| 905 | _a5232202011 1000000300 06 | ||
| 910 | _a2011 | ||
| 942 | _cPARA | ||
| 942 |
_cPARA _d1 |
||
| 999 |
_c208477 _d208477 |
||